| 000 | 00376nam a2200133Ia 4500 | ||
|---|---|---|---|
| 008 | 210430s9999 xx 000 0 und d | ||
| 020 | _a81-265-0927-9 | ||
| 082 | _a660.2842 S4381S | ||
| 100 |
_aJ.D. Seader, Ernest J. Henley _954672 |
||
| 245 |
_aSeparation Process Principles / _cJ.D. Seader, Ernest J. Henley |
||
| 250 | _a2nd edition | ||
| 300 | _a756 | ||
| 942 |
_cBK _2ddc |
||
| 999 |
_c565316 _d565316 |
||